000 00995nam a2200277 a 4500
001 1342
003 BR-CuiBMT
005 20231210024436.0
008 231205s2007 rjba 000 0 por d
020 _a9788571476554
040 _aBR-CuiBMT
_cBR-CuiBMT
080 _22007
_a351.94
090 _a351.94
_bA345a
100 1 _aAlbuquerque, Frederico de Freitas Tenório
245 1 2 _aA auditoria operacional e seus desafios :
_bum estudo a partir da experiência do Tribunal de Contas da União /
_cFrederico de Freitas Tenório de Albuquerque.
260 _aRio de Janeiro :
_bRenovar,
_c2007.
300 _a153 p. :
_bil. ;
_c21 cm
490 1 _aSelo Aliomar Baleeiro ;
_vv. 6
504 _aInclui bibliografia.
610 1 4 _aBrasil.
_bTribunal de Contas da União.
650 _aAdministração pública
_xAuditoria
_zBrasil
650 _aAuditoria administrativa
_zBrasil
650 _aTribunal de contas
_xatividades
_zBrasil
830 0 _aSelo Aliomar Baleeiro ;
_v6
942 _2udc
_cLV
999 _c1342
_d1342